| 000 | 004970000a22001570004500 | ||
|---|---|---|---|
| 003 | MACL | ||
| 005 | 20171126122629.0 | ||
| 008 | 171126b xxu||||| |||| 00| 0 eng d | ||
| 040 | _cmacl | ||
| 100 |
_aटैगोर ,रवीन्द्रनाथ _968352 |
||
| 245 | _aदहेज | ||
| 260 |
_aदिल्ली _bनया साहित्य केन्द्र _c2011 |
||
| 350 | _a150 | ||
| 650 |
_aउपन्यास _969524 |
||
| 942 |
_cHIN _k891.433/TAG/N _2ddc |
||
| 999 |
_c46465 _d46465 |
||